Miasta w woj. śląskim poniżej 10000 mieszkańców - Statystyki

Ogólne statystyki
  • Ten quiz został rozwiązany 26 razy
    14 od ostatniego zresetowania
  • Średni wynik to 16 z 26
Statystyki odpowiedzi
Powiat Miasto % Poprawnych
częstochowski Blachownia
82%
tarnogórski Miasteczko Śląskie
82%
częstochowski Olsztyn
82%
będziński Siewierz
82%
tarnogórski Kalety
73%
myszkowski Koziegłowy
73%
zawierciański Pilica
73%
gliwicki Toszek
73%
lubliniecki Woźniki
73%
bieruńsko-lędziński Imielin
64%
kłobucki Krzepice
64%
zawierciański Ogrodzieniec
64%
zawierciański Poręba
64%
będziński Sławków
64%
gliwicki Sośnicowice
64%
bielski Wilamowice
64%
częstochowski Koniecpol
55%
zawierciański Łazy
55%
zawierciański Szczekociny
55%
bielski Szczyrk
55%
będziński Wojkowice
55%
raciborski Krzanowice
45%
raciborski Kuźnia Raciborska
45%
częstochowski Przyrów
45%
cieszyński Strumień
45%
myszkowski Żarki
36%
Nie znaleziono quizów pasujących do podanych kryteriów
Rozkład punktacji
Procent ludzi z każdym wynikiem
Percentyl według liczby udzielonych odpowiedzi
Twoja historia wyników
Nie rozwiązałeś tego quizu od ostatniego zresetowania